000 00696nam a22002297a 4500
005 20170124110028.0
010 _a599928
020 _c10.00
035 _a599928
037 _bCen Lib/Ret
040 _aDPL
_bEN
082 _a409.54
_bSRI
100 _aSrivastava, Gopi Nath
_921004
245 _aThe language controversy and the minorities /
_cby Gopi Nath Shrivastava
260 _aDelhi
_bAtma Ram
_c1970
270 _bDelhi
_aKashmere Gate
_e110006
300 _axiii,160p.
_c20cm(Hb)
500 _aIncludes bibliographical references
650 _aIndia -- Languages
_920243
650 _aSoLinguistic minorities -- India
_921005
942 _2ddc
_cEN
_h409.54
_mSRI
999 _c127612
_d127612